Central Library, Doon University
WEBOPAC (ONLINE PUBLIC ACCESS CATALOGUE)

Organometallic And Bioinorganic Chemistry (Record no. 59492)

MARC details
000 -LEADER
fixed length control field 00477nam a22001937a 4500
005 - DATE & TIME
control field 20250318153649.0
008 - FIXED-LENGTH DATA ELEMENTS--GENERAL INFORMATION
fixed length control field 250318b |||||||| |||| 00| 0 eng d
020 ## - ISBN
International Standard Book Number 9788193043769
Price 596.00
040 ## - CATALOGING SOURCE
Original cataloging agency Doon University
041 ## - Language
Language English
082 ## - DDC NUMBER
Classification number 572.51
Book Number AJA
100 ## - MAIN ENTRY--PERSONAL NAME
Personal name Ajai, Kumar
245 ## - TITLE STATEMENT
Title Organometallic And Bioinorganic Chemistry
250 ## - EDITION STATEMENT
Edition statement 5th
260 ## - PUBLICATION, DISTRIBUTION, ETC. (IMPRINT)
Place of publication, distribution, etc Uttar Pradesh
Name of publisher, distributor, etc Aaryush
Date of publication, distribution, etc 2024
300 ## - PHYSICAL DESCRIPTION
Pages V.P.
650 ## - Subject
Subject Chemistry
942 ## - ADDED ENTRY ELEMENTS (KOHA)
Koha item type Books
100 ## - MAIN ENTRY--PERSONAL NAME
-- 25369
952 ## - LOCATION AND ITEM INFORMATION (KOHA)
-- 2025-03-18
952 ## - LOCATION AND ITEM INFORMATION (KOHA)
-- 2025-03-18
952 ## - LOCATION AND ITEM INFORMATION (KOHA)
-- 2025-03-18
952 ## - LOCATION AND ITEM INFORMATION (KOHA)
-- 2025-03-18
952 ## - LOCATION AND ITEM INFORMATION (KOHA)
-- 2025-03-18
952 ## - LOCATION AND ITEM INFORMATION (KOHA)
-- 2025-03-18
952 ## - LOCATION AND ITEM INFORMATION (KOHA)
-- 2025-03-18
952 ## - LOCATION AND ITEM INFORMATION (KOHA)
-- 2025-03-18
952 ## - LOCATION AND ITEM INFORMATION (KOHA)
-- 2025-03-18
952 ## - LOCATION AND ITEM INFORMATION (KOHA)
-- 2025-03-18
Holdings
Withdrawn status Lost status Source of classification or shelving scheme Damaged status Not for loan Location (home branch) Sublocation or collection (holding branch) Date acquired Koha full call number Accession No. Koha date last seen Koha item type Koha issues (times borrowed)
        Not For Loan Doon University Doon University 18.03.2025 572.51 AJA 50332 18.03.2025 Reference  
          Doon University Doon University 18.03.2025 572.51 AJA 50333 18.03.2025 Books  
          Doon University Doon University 18.03.2025 572.51 AJA 50334 18.03.2025 Books  
          Doon University Doon University 18.03.2025 572.51 AJA 50335 18.03.2025 Books  
          Doon University Doon University 18.03.2025 572.51 AJA 50336 18.03.2025 Books  
          Doon University Doon University 18.03.2025 572.51 AJA 50337 18.03.2025 Books  
          Doon University Doon University 18.03.2025 572.51 AJA 50338 18.03.2025 Books  
          Doon University Doon University 18.03.2025 572.51 AJA 50339 18.03.2025 Books  
          Doon University Doon University 18.03.2025 572.51 AJA 50340 18.03.2025 Books  
          Doon University Doon University 18.03.2025 572.51 AJA 50341 18.03.2025 Books  
Contact : +91-135-2533126 (Library),+91-135-2533105 (Admin Office) , Email : doonlibrary@gmail.com

Powered by Koha